Miscellaneous by Numbers Quiz Stats

Quiz Updated Jul 2, 2017

Challenge
Share
Tweet
Embed
Score 0/55 Timer 07:00
3 Plays Today
% Correct
Triangle
92.8%
Quadrilateral
92.4%
Octagon
89.3%
Pentagon
88.3%
Kidneys
88.2%
Hexagon
85.9%
Heptagon
82.4%
Beyoncé Knowles
73.7%
Decagon
73.5%
Return of the Jedi
72.8%
The Empire Strikes Back
68.5%
Star Wars (A New Hope)
65.3%
New England Patriots
64.8%
Green Bay Packers
62.7%
Nonagon
62.2%
Dallas Cowboys
58.9%
Pittsburgh Steelers
58.3%
Genesis
52.1%
The Phantom Menace
50.5%
San Francisco 49ers
49.8%
Revenge of the Sith
49.6%
The Tempest
46.5%
Exodus
46.2%
Leviticus
43.6%
Attack of the Clones
43.6%
The Taming of the Shrew
43.1%
Selma Bouvier
42.2%
Deuteronomy
42.2%
% Correct
Miami Dolphins
42.2%
James Monroe
41.6%
Numbers
41.6%
Dodecagon
41%
Central African Republic
40.9%
Rwanda
40.3%
Denver Broncos
39.7%
Kelly Rowland
39.5%
Patty Bouvier
38.9%
Republic of the Congo
38.8%
Uganda
37.7%
Zambia
33.5%
Tanzania
33.5%
Calvin Coolidge
33%
Angola
32.2%
The Merchant of Venice
30.6%
Franklin Pierce
29.6%
Millard Fillmore
26.7%
Burundi
26.2%
South Sudan
25.3%
Michelle Williams
22.8%
The Merry Wives of Windsor
14.8%
Hendecagon
12.8%
The Two Gentlemen of Verona
8.7%
The Winter's Tale
8%
The Comedy of Errors
6.7%
The Two Noble Kinsmen
2.7%

You're not logged in!

Compare scores with friends on all Sporcle quizzes.
Sign Up with Email
OR
Log In

You Might Also Like...

Show Comments

Extras

Top Quizzes Today


Score Distribution

Your Account Isn't Verified!

In order to create a playlist on Sporcle, you need to verify the email address you used during registration. Go to your Sporcle Settings to finish the process.

Report this User

Report this user for behavior that violates our Community Guidelines.

Details: